Southville International School and Colleges
Your cart is empty.
  • Cart
  • Lists
    Public lists Eva Luna New books Lux_list list_1
    Your lists Log in to create your own lists
  • Log in to your account
  • Your cookies
  • Search history
Southville International School and Colleges
  • Advanced search
  • Recent comments
  • Most popular
  • Libraries

Log in to your account

Log in with GOOGLE


If you do not have an external account, but do have a local account, you can still log in:

  1. Home
  2. MARC view: The perception of fourth year students of Southville International School on smoking /
Normal view MARC view ISBD view

The perception of fourth year students of Southville International School on smoking / (Record no. 96341)

[ view plain ]
MARC details
000 -LEADER
fixed length control field 00775nam a2200217 a 4500
003 - CONTROL NUMBER IDENTIFIER
control field 0
005 - DATE AND TIME OF LATEST TRANSACTION
control field 20250619135102.0
008 - FIXED-LENGTH DATA ELEMENTS--GENERAL INFORMATION
fixed length control field 021121s19uu xx 00 eng d
010 ## - LIBRARY OF CONGRESS CONTROL NUMBER
LC control number -
050 ## - LIBRARY OF CONGRESS CALL NUMBER
Classification number PGS HV 5740.P5
Item number .D346 2000
100 ## - MAIN ENTRY--PERSONAL NAME
Personal name De Leon, Krishia A.
245 #4 - TITLE STATEMENT
Title The perception of fourth year students of Southville International School on smoking /
Statement of responsibility, etc Krishia A. De Leon.
260 ## - PUBLICATION, DISTRIBUTION, ETC. (IMPRINT)
Place of publication, distribution, etc Las Piñas City, Philippines :
Name of publisher, distributor, etc Southville International School and Colleges,
Date of publication, distribution, etc 2000.
300 ## - PHYSICAL DESCRIPTION
Extent 45 pages :
Other physical details colored illustrations ;
Dimensions 28 cm.
504 ## - BIBLIOGRAPHY, ETC. NOTE
Bibliography, etc Includes bibliographical references.
650 ## - SUBJECT ADDED ENTRY--TOPICAL TERM
Topical term or geographic name as entry element Smoking
Form subdivision Public opinion.
650 ## - SUBJECT ADDED ENTRY--TOPICAL TERM
Topical term or geographic name as entry element High school students
Form subdivision Attitudes.
650 ## - SUBJECT ADDED ENTRY--TOPICAL TERM
Topical term or geographic name as entry element Smoking
Form subdivision Health aspects.
650 ## - SUBJECT ADDED ENTRY--TOPICAL TERM
Topical term or geographic name as entry element Tobacco use.
942 ## - ADDED ENTRY ELEMENTS (KOHA)
Source of classification or shelving scheme Library of Congress Classification
Koha item type PASS
Holdings
Withdrawn status Lost status Source of classification or shelving scheme Damaged status Home library Current library Shelving location Date acquired Source of acquisition Total Checkouts Full call number Barcode Date last seen Price effective from Koha item type
    Library of Congress Classification   Luxembourg Library Luxembourg Library Portfolio Assessment of SISC Students Section 11/21/2002 Donation   PGS HV 5740.P5 .D346 2000 P0279 04/08/2014 04/08/2014 PASS

The perception of fourth year students of Southville International School on smoking /

APA

De Leon K. A., . (2000). The perception of fourth year students of Southville International School on smoking. Las Piñas City, Philippines: Southville International School and Colleges.

Chicago

De Leon Krishia A, . 2000. The perception of fourth year students of Southville International School on smoking. Las Piñas City, Philippines: Southville International School and Colleges.

Harvard

De Leon K. A., . (2000). The perception of fourth year students of Southville International School on smoking. Las Piñas City, Philippines: Southville International School and Colleges.

MLA

De Leon Krishia A, . The perception of fourth year students of Southville International School on smoking. Las Piñas City, Philippines: Southville International School and Colleges. 2000.

  • Print
  • Cite
  • Add to your cart (remove)
  • Save record
    BIBTEX Dublin Core MARCXML MARC (non-Unicode/MARC-8) MARC (Unicode/UTF-8) MARC (Unicode/UTF-8, Standard) MODS (XML) RIS
  • More searches
    Search for this title in:
    Other Libraries (WorldCat) Other Databases (Google Scholar) Online Stores (Bookfinder.com) Open Library (openlibrary.org)

Exporting to Dublin Core...

SOUTHVILLE LIBRARY

Southville International School and Colleges Library

1281 Tropical Ave. Cor. Luxembourg St., BF Homes International, Las Pinas City

Tel. No. 8256374 / 252358 Loc. 117/146

Powered by Koha